KOHA-Header-6

سیرت عمر بن عبدالعزیز رحہ (Record no. 13437)

000 -LEADER
fixed length control field 00335nam a22001097a 4500
082 ## - DEWEY DECIMAL CLASSIFICATION NUMBER
Classification number 297.002
100 ## - MAIN ENTRY--AUTHOR NAME
Personal name حضرت مولانا محمّد یوسف لدھیانوی شہید
245 ## - TITLE STATEMENT
Title سیرت عمر بن عبدالعزیز رحہ
260 ## - PUBLICATION, DISTRIBUTION, ETC. (IMPRINT)
Place of publication کراچی
Name of publisher مکتبہ لدھیانوی
Year of publication 1996
300 ## - PHYSICAL DESCRIPTION
Number of Pages 192 pages
942 ## - ADDED ENTRY ELEMENTS (KOHA)
Koha item type Books
Holdings
Withdrawn status Lost status Collection code Permanent Location Current Location Shelving location Date acquired Full call number Accession Number Koha item type
    Islamic Personalities Biographies MAJU MAJU Shelf No.A-9 2022-11-22 297.002 10512 Books

Powered by Koha